Internal Combustion Engine Fundamentals

Gespeichert in:
Bibliographische Detailangaben
1. Verfasser: Heywood, John B. (Verfasst von)
Format: Buch
Sprache:Englisch
Veröffentlicht: New York : McGraw-Hill, 1988
Schlagworte:
Tags: Tag hinzufügen
Keine Tags, Fügen Sie das erste Tag hinzu!

MARC

LEADER 00000nam a22000003a 4500
001 stu46751
005 20150617225715.8
008 ------s1988----xxu-----------------eng-d
020 |a 0-07-100499-8 
040 |a STU  |b slo 
041 0 |a eng 
044 |a xxu 
080 |a 621.43 
100 1 |a Heywood, John B.  |4 aut 
245 1 |a Internal Combustion Engine Fundamentals 
260 |a New York :  |b McGraw-Hill,  |c 1988 
300 |a 930 s 
650 7 |a spaľovacie motory  |2 stusub 
650 7 |a combustion engines  |2 estusub 
650 7 |a spaľovacie zariadenia  |2 stusub 
996 |b 284J030353  |c J*84958  |l JJST  |s A  |a 24  |w stu46751_0001